Mi Dante / (Registro nro. 35737)
[ vista simple ]
| 000 -CABECERA | |
|---|---|
| Longitud fija campo de control | 00821nam a2200229 a 4500 |
| 003 - • IDENTIFICADOR DELl NÚMERO DE CONTROL | |
| Identificador del número de control | CO-ViMGA |
| 005 - • FECHA Y HORA DE LA ÚLTIMA TRANSACCIÓN | |
| Fecha y hora de la última transacción | 20230915233139.0 |
| 008 - • CÓDIGOS DE INFORMACIÓN DE LONGITUD FIJA | |
| Códigos de información de longitud fija | 150826s2012 sp gr 00010 spa d |
| 020 ## - • NÚMERO INTERNACIONAL NORMALIZADO PARA LIBROS | |
| Número Internacional Normalizado para Libros (ISBN) | 9788493834562 |
| 040 ## - FUENTE DE LA CATALOGACIÓN | |
| Centro catalogador de origen | CO-ViMGA |
| Lengua de catalogación | spa |
| Centro transcriptor | CO-ViMGA |
| 082 04 - • NÚMERO DE LA CLASIFICACIÓN DECIMAL DEWEY | |
| Número de clasificación (R) | 851.15 |
| Número del ítem | B35m1 |
| Número de edición | 19 |
| 100 1# - • PUNTO DE ACCESO PRINCIPAL-NOMBRE DE PERSONA | |
| Nombre de persona | Benigni, Roberto, |
| Fechas asociadas al nombre | 1952- |
| 245 10 - • TITULO PROPIAMENTE DICHO | |
| Título | Mi Dante / |
| Mención de responsabilidad, etc. | Roberto Benigni ; prólogo de Umberto Eco ; traducción de José Palacios. |
| 300 ## - • DESCRIPCIÓN FÍSICA | |
| Extensión | 216 páginas ; |
| Dimensiones | 19 cm. |
| 490 1# - • MENCIÓN DE SERIE | |
| Mención de serie | Colección Apeninos ; |
| Designación de volumen o secuencia | 1 |
| 600 14 - • PUNTO DE ACCESO ADICIONAL DE MATERIA - NOMBRE DE PERSONA | |
| Nombre de persona | Dante, Alighieri, |
| Fechas asociadas al nombre | 1265-1321. |
| Título de la obra | Divina Comedia |
| Subdivisión de materia general (R ) | Crítica e interpretación. |
| 700 1# - • PUNTO DE ACCESO ADICIONAL - NOMBRE DE PERSONA | |
| Nombre de persona | Eco, Umberto, |
| Fechas asociadas al nombre | 1932-, |
| Término indicativo de función | prologuista. |
| 700 1# - • PUNTO DE ACCESO ADICIONAL - NOMBRE DE PERSONA | |
| Nombre de persona | Palacios, José, |
| Término indicativo de función | traductor. |
| 942 ## - ENTRADA DE ELEMENTOS AGREGADOS (KOHA) | |
| Fuente de clasificaión o esquema | Dewey Decimal Classification |
| Koha [por defecto] tipo de item | LIbro |
| Perdido | Fuente de clasificación o esquema | Estado Físico | No para préstamo | Forma de adquisición | Localización permanente | Localización actual | Fecha adquisición | Préstamos totales | Signatura completa | Código de barras | Fecha última consulta | Número de copia | Fecha del precio de reemplazo | Tipo de item de Koha |
|---|---|---|---|---|---|---|---|---|---|---|---|---|---|---|
| Dewey Decimal Classification | Sala General Segundo Piso | Biblioteca Pública Germán Arciniegas - Villavicencio | Biblioteca Pública Germán Arciniegas - Villavicencio | 08/26/2016 | 851.15 B35m1 | 30961 | 08/26/2016 | Ej. 1 | 08/26/2016 | LIbro |